Gazetteer of the Bombay Presidency: Kolaba (Record no. 486455)

000 -LEADER
fixed length control field 00363cam a22001217a 4500
008 - FIXED-LENGTH DATA ELEMENTS--GENERAL INFORMATION
fixed length control field 180718b1989 xxu||||| |||| 00| 0 eng d
082 ## - DEWEY DECIMAL CLASSIFICATION NUMBER
Classification number A75 M278KO
245 ## - TITLE STATEMENT
Title Gazetteer of the Bombay Presidency: Kolaba
Statement of responsibility, etc. edited by K.K. Chaudhari
260 ## - PUBLICATION, DISTRIBUTION, ETC.
Place of publication, distribution, etc. Bombay
Name of publisher, distributor, etc. Gazetteer Department
Date of publication, distribution, etc. 1989
300 ## - PHYSICAL DESCRIPTION
Extent 493+p.
650 ## - SUBJECT ADDED ENTRY--TOPICAL TERM
Topical term or geographic name entry element Kolaba - Gazetteers
700 ## - ADDED ENTRY--PERSONAL NAME
Personal name Chaudhari, K.K.
Holdings
Withdrawn status Lost status Damaged status Not for loan Permanent Location Current Location Date acquired Full call number Barcode Date last seen Price effective from Koha item type
        Indian Institute of Public Administration Indian Institute of Public Administration 2018-08-04 A75 M278KO G18036 2018-08-04 2018-08-04 G
        Indian Institute of Public Administration Indian Institute of Public Administration 2018-08-04 A75 M278KO G15969 2018-08-04 2018-08-04 G
        Indian Institute of Public Administration Indian Institute of Public Administration 2018-08-04 A75 M278KO GG3527 2018-08-04 2018-08-04 GG

Powered by Koha